00486 2200181 4500245006600000020002200066250001100088100003100099700002300130650001600153650002100169005001900190260003400209041001400243084001100257300002700268336000900295 aDahulukan Adab Sebelum IlmucNashif Musthafa Al-GhifarihText a978-623-09-0290-1 aCet. 1 aNashif Musthafa Al-Ghifari aAhmad Muttaqin Ali aAgama Islam aAdab Dalam Islam a20241018105958 aJawa TengahbRanah Bukuc2024 aIndonesia a297.56 a142 hlmn :c14 x 20 cm atext